Fußball: Rekordnationalspieler Argentinien - Statistiken

Allgemein
  • Dieses Quiz wurde 86 mal gespielt
  • Das Durchschnittsergebnis liegt bei 9 aus 25
Antwortstatistiken
Debüt Spiele Tore Spieler % Korrekt
2005 180 106 Lionel Messi
99%
2008 139 31 Angel di Maria
87%
1977 91 34 Diego Maradona
83%
2009 75 31 Gonzalo Higuain
64%
2006 101 41 Sergio Aguero
63%
2003 147 3 Javier Mascherano
59%
2009 96 0 Sergio Romero
47%
1994 143 5 Javier Zanetti
45%
2009 111 6 Nicolas Otamendi
45%
1991 78 54 Gabriel Batistuta
44%
1995 64 35 Hernan Crespo
43%
2004 76 13 Carlos Tevez
39%
1996 72 9 Juan Veron
37%
1994 115 7 Roberto Ayala
25%
2018 63 2 Rodrigo de Paul
24%
2017 61 5 Leandro Paredes
20%
1988 106 11 Diego Simeone
17%
2003 73 3 Gabriel Heinze
16%
1993 86 16 Ariel Ortega
13%
1976 70 22 Daniel Passarella
13%
1995 75 11 Juan Pablo Sorin
11%
2008 65 6 Ever Banega
5%
1983 97 7 Oscar Ruggeri
4%
1976 63 8 Osvaldo Ardiles
3%
1976 73 3 Americo Gallego
1%
Keine übereinstimmenden Quizze gefunden
Verteilung der Resultate
Anzahl Personen mit jedem Resultat
Perzentil nach korrekt beantworteten Fragen
Ihre Resultats-Entwicklung
Sie haben dieses Quiz noch nicht gespielt